Construcción de ciberalmacenes: instalación, procesamiento de transacciones y administración
Guardat en:
| Autor principal: | |
|---|---|
| Format: | Llibre |
| Idioma: | espanyol |
| Publicat: |
Ciudad de México
Mc Graw Hill
1998
|
| Edició: | 1a. ed |
| Matèries: | |
| Etiquetes: |
Afegir etiqueta
Sense etiquetes, Sigues el primer a etiquetar aquest registre!
|
MARC
| LEADER | 00000nam a2200000 a 4500 | ||
|---|---|---|---|
| 001 | UCP1985 | ||
| 003 | CL-VaPUC | ||
| 008 | 990430e19980000MX |||||||||||||||||spa|d | ||
| 020 | |a 9701020693 | ||
| 082 | 0 | 4 | |a 658.18 |b NEM |2 21 |
| 100 | |a Nemzow, Martin |e autor |9 428364 | ||
| 245 | 1 | 0 | |a Construcción de ciberalmacenes: instalación, procesamiento de transacciones y administración |
| 250 | |a 1a. ed | ||
| 300 | |a 521 p | ||
| 942 | |c BK | ||
| 945 | |d 19990430 00:00:00 |a rbrito | ||
| 260 | |a Ciudad de México |b Mc Graw Hill |c 1998 | ||
| 500 | |a Incluye CD | ||
| 650 | 7 | |a MERCADOTECNIA |2 CL-VaPUC |9 347996 | |
| 650 | 7 | |a CIBERALMACENES |2 CL-VaPUC |9 428365 | |
| 650 | 0 | |a Internet |9 254823 | |
| 650 | 0 | |a Comercio electrónico |9 428366 | |
| 583 | |a last modification |c 20160907 05:31:48 |k Rodrigo Vera | ||
| 999 | |c 280598 |d 280596 | ||
| 952 | |0 0 |1 0 |4 0 |6 658_180000000000000_NEM_1998 |7 0 |8 A |9 320983 |a BIBENE |b BIBENE |d 2019-11-20 |i 3521117 |o 658.18 NEM 1998 |p 3521117 |r 2025-01-15 |w 2019-11-20 |y BK |k ICO | ||